| 000 | 01205pam a2200337 a 4500 | ||
|---|---|---|---|
| 001 | 988307 | ||
| 003 | NUST - PNEC | ||
| 005 | 20170116181113.0 | ||
| 008 | 860603s1987 nyua b 001 0 eng | ||
| 010 | _a 86010365 | ||
| 020 |
_a0070233195 : _c$42.50 |
||
| 040 |
_aDLC _cLIBRARY _dDLC |
||
| 050 | 0 | 0 |
_aTH7687 _b.G55 1987 |
| 082 | 0 | 0 |
_a697 REF _219 |
| 100 | 1 | _aGladstone, John. | |
| 245 | 1 | 0 | _aMechanical estimating guidebook for building construction. |
| 250 |
_a5th ed. / _bJohn Gladstone, editor-in-chief, Kenneth K. Humphreys, associate editor, B.K. Lunde. |
||
| 260 |
_aNew York : _bMcGraw-Hill, _cc1987. |
||
| 300 |
_axvii, 393 p. : _bill. ; _c24 cm. |
||
| 500 | _a"Sponsored by the American Association of Cost Engineers." | ||
| 500 | _aRev. ed. of: Mechanical estimating guidebook. 4th ed. 1970. | ||
| 500 | _aIncludes index. | ||
| 504 | _aBibliography: p. xv-xvii. | ||
| 650 |
_xME _913029 _bMechanical engineering |
||
| 700 | 1 | _aHumphreys, Kenneth King. | |
| 700 | 1 | _aLunde, B. K. | |
| 700 | 1 |
_aGladstone, John. _tMechanical estimating guidebook. |
|
| 710 | 2 | _aAmerican Association of Cost Engineers. | |
| 906 |
_a7 _bcbc _corignew _d1 _eocip _f19 _gy-gencatlg |
||
| 942 |
_2ddc _cBK |
||
| 999 |
_c69196 _d69196 |
||